National debt.

محفوظ في:
التفاصيل البيبلوغرافية
عنوان جديد:Great Britain. Treasury. National debt return
مؤلف مشترك: Great Britain. Treasury
التنسيق: دورية
اللغة:English
منشور في: London : H.M. Stationery Office.
سلاسل:Cmd. (Great Britain. Parliament)
الموضوعات:
LEADER 01819cas a2200445 a 4500
001 c000399037
003 CARM
005 20150319144634.0
008 150319d19uu19uuxxkar f0 0eng d
019 1 |a 69844298  |5 LACONCORD2021 
035 |a (OCoLC)5745017  |5 LACONCORD2021 
040 |a YUS  |b eng  |c YUS  |d DLC  |d OCL  |d OCLCQ  |d CUS  |d OL  |d OCLCF  |d VCAV 
043 |a e-uk--- 
050 4 |a HJ40  |b .D2 
082 0 4 |a 336.343341 
110 1 |a Great Britain.  |b Treasury. 
245 1 0 |a National debt. 
246 1 7 |a Return relating to the national debt 
260 |a London :  |b H.M. Stationery Office. 
300 |a v. ;  |c 25 cm. 
490 1 |a Cmnd. 
650 0 |a Debts, Public  |z Great Britain  |v Periodicals. 
650 7 |a Debts, Public.  |2 fast  |0 (OCoLC)fst00888850 
651 0 |a Great Britain  |x Appropriations and expenditures  |v Periodicals. 
651 7 |a Great Britain.  |2 fast  |0 (OCoLC)fst01204623 
760 0 |a Great Britain. Parliament.  |t [Papers by command] 
785 0 0 |a Great Britain. Treasury.  |t National debt return  |w (DLC) 92640568  |w (OCoLC)26077680 
852 8 |b CARM  |p 0619182  |j 1961  |f SE 
852 8 |b CARM  |p 0619183  |j 1964  |f SE 
852 8 |b CARM  |p 0619184  |j 1965  |f SE 
852 8 |b SCAN  |h A3:AE12G0  |i B12362  |p 0619182  |f SE 
852 8 |b SCAN  |h A3:AE12G0  |i B12362  |p 0619183  |f SE 
852 8 |b SCAN  |h A3:AE12G0  |i B12362  |p 0619184  |f SE 
866 0 |a 1961-1965 Incomplete 
830 0 |a Cmd. (Great Britain. Parliament) 
999 f f |i 95fba527-7250-5920-85a2-b45050875aa1  |s 4acf6394-a9f5-5f53-a999-f209758418f6 
952 f f |p Can circulate  |a CAVAL  |b CAVAL  |c CAVAL  |d CARM 1 Store  |i book  |k 1965  |m 0619184 
952 f f |p Can circulate  |a CAVAL  |b CAVAL  |c CAVAL  |d CARM 1 Store  |i book  |k 1961  |m 0619182 
952 f f |p Can circulate  |a CAVAL  |b CAVAL  |c CAVAL  |d CARM 1 Store  |i book  |k 1964  |m 0619183 
952 f f |a CAVAL  |b CAVAL  |c CAVAL  |d Unmapped Location  |e B12362  |f A3:AE12G0  |h Other scheme